000 00884nas a2200301 4500
001 BR2014002457
003 BR-BrBNA
005 20231205123923.0
007 ta
008 230509b bl.|||p| |||| 00| 00por d
040 _aBR-BrBNA
_bpor
_cBiblioteca Nacional de Agricultura
041 _a(En)
072 _aF62; F50
100 1 _aTazima, Z.H.
100 1 _aNeves, C.S.V.J.
100 1 _aYada, I.F.U.
100 1 _aLeite Júnior, R.P.
245 1 _aPerformance of 'Okitsu' Satsuma mandarin on nine rootstocks
650 _aTANGERINA
650 _aCRESCIMENTO
650 _aCARACTERÍSTICAS AGRONÔMICAS
650 _aDIÂMETRO
650 _aANÁLISE COMPARATIVA
650 _aPARANÁ
773 0 _tScientia Agricola (Brazil)
_xISSN 0103-9016
_g(Nov-Dec 2013), v. 70(6) p. 422-427
_wBR2014002457
909 _a202311
_bLúcia
_c55
_dLúcia Elande
942 _2AGRIS
_n0
_cANA
999 _c236393
_d236393